The reality of aid 1996: an independent review of international aid (aid and development set) (Record no. 293354)

MARC details
000 -LEADER
fixed length control field 00601nam a2200193Ia 4500
008 - FIXED-LENGTH DATA ELEMENTS--GENERAL INFORMATION
fixed length control field 191130s2009##################000#0#eng##
020 ## - INTERNATIONAL STANDARD BOOK NUMBER
ISBN 9781849710480
082 ## - DEWEY DECIMAL CLASSIFICATION NUMBER
Classification number 338 RAN
100 ## - MAIN ENTRY--AUTHOR NAME
Personal name Randel, Judith
245 ## - TITLE STATEMENT
Title The reality of aid 1996: an independent review of international aid (aid and development set)
Statement of responsibility, etc Judith Randel, Tony German
260 ## - PUBLICATION, DISTRIBUTION, ETC. (IMPRINT)
Place of publication London
Name of publisher Earthscan
Year of publication 2009
300 ## - PHYSICAL DESCRIPTION
Number of Pages x, 244 p. ; 23 cm
650 ## - SUBJECT ADDED ENTRY--TOPICAL TERM
Topical Term Production Economics
700 ## - ADDED ENTRY--PERSONAL NAME
Personal name German, Tony
991 ## -
-- 180889
Holdings
Withdrawn status Lost status Damaged status Not for loan Home library Current library Shelving location Date acquired Full call number Accession Number Price effective from Koha item type
        Anna Centenary Library Anna Centenary Library 4TH FLOOR, A WING 15.10.2020 338 RAN 400248 15.10.2020 English Books
        Anna Centenary Library Anna Centenary Library 4TH FLOOR, A WING 15.10.2020 338 RAN 440594 15.10.2020 English Books

Find us on the map